| 000 | 01515cam a2200157 4500500 | ||
|---|---|---|---|
| 005 | 20251228092833.0 | ||
| 041 | _afre | ||
| 042 | _adc | ||
| 100 | 1 | 0 |
_aCarruthers, Leo _eauthor |
| 245 | 0 | 0 | _aMichelle SWEENEY, Magic in medieval romance, from Chrétien de Troyes to Geoffrey Chaucer, Dublin, Four Courts Press, 2000 ; 1 vol. in-8o, 199 p. ISBN : 978- 1851825363. Prix : USD 70. |
| 260 | _c2012. | ||
| 500 | _a89 | ||
| 520 | _aThe Literary Originality of the Moniage Rainouart in the Roman de Guillaume d’Orange This article attempts to define the literary originality of the Moniage Rainouart in the Roman de Guillaume d’Orange. The prose brings a calmer pace after the strict framework of the decasyllabic meter, which directed the expression of thought. The text is re-imagined, sometimes delicately, sometimes conspicuously : changes in the writing, in the conception of the characters. Shifts in meaning occur, blatant antagonisms are more reconciled, which does not remove the comedic, even satirical. Violent contrasts are toned down, the angular becomes more rounded. The desire to soften, to attenuate, is what best characterizes this re-writing : the result is greater sobriety and added nuance. The romance’s atmosphere is influenced by the period of its creation and the personality of the narrator. | ||
| 786 | 0 | _nLe Moyen Age | CXVII | 3 | 2012-04-14 | p. 651f-658f | 0027-2841 | |
| 856 | 4 | 1 | _uhttps://shs.cairn.info/revue-le-moyen-age-2011-3-page-651f?lang=fr&redirect-ssocas=7080 |
| 999 |
_c1603694 _d1603694 |
||